Y si tiene que partir /
Guardado en:
| Autor Principal: | |
|---|---|
| Formato: | Libro |
| Publicado: |
Buenos Aires :
La Estación,
2012.
|
| Materias: | |
| Etiquetas: |
Agregar Etiqueta
Sin Etiquetas, Sea el primero en etiquetar este registro!
|
| LEADER | 00523nam a22001815a 4500 | ||
|---|---|---|---|
| 001 | CEM.cems018593 | ||
| 005 | 20171013105925.0 | ||
| 008 | 130507s2012##################000#0#####d | ||
| 003 | CEMS | ||
| 020 | |a 9789871652532 | ||
| 082 | 0 | 4 | |a 823.9 |
| 100 | 1 | |a Stephane, Daniel | |
| 245 | 1 | 0 | |a Y si tiene que partir / |c Stephane Daniel |
| 260 | |a Buenos Aires : |b La Estación, |c 2012. | ||
| 300 | |a 173p. ; 20cm. | ||
| 653 | |a Literatura juvenil | ||
| 653 | |a Literatura inglesa | ||
| 859 | |a CEMS |b BIB. CEMS - Agricultura |h 823.9 |i St433 |p A2972.17 |t Ej.1 | ||
